ბათუმის შოთა რუსთაველის სახელმწიფო უნივერსიტეტის ბიბლიოთეკა

უგრიუმ-მდინარე : რომანი 2 წიგნად. წ. 1. (ბიბ.ჩანაწერი № 50139)

000 -LEADER
fixed length control field 00800nam a2200229Ia 4500
001 - CONTROL NUMBER
control field 17077
003 - CONTROL NUMBER IDENTIFIER
control field GE_BSU
008 - FIXED-LENGTH DATA ELEMENTS--GENERAL INFORMATION
fixed length control field 181216s||||||||xx |||||||||||||| ||und||
040 ## - CATALOGING SOURCE
Transcribing agency GE_BSU
080 ## - UNIVERSAL DECIMAL CLASSIFICATION NUMBER
Universal Decimal Classification number 821.161.1-31
100 ## - MAIN ENTRY--PERSONAL NAME
Personal name შიშკოვი, ვ.
245 ## - TITLE STATEMENT
Title უგრიუმ-მდინარე : რომანი 2 წიგნად. წ. 1.
245 ## - TITLE STATEMENT
Remainder of title რომანი
245 ## - TITLE STATEMENT
Statement of responsibility, etc. რედ.: კ. ლორთქიფანიძე ; თარგმ. თ. ჯავახიშვილმა
260 ## - PUBLICATION, DISTRIBUTION, ETC.
Place of publication, distribution, etc. თბილისი
260 ## - PUBLICATION, DISTRIBUTION, ETC.
Name of publisher, distributor, etc. საბჭ. საქართველო
260 ## - PUBLICATION, DISTRIBUTION, ETC.
Date of publication, distribution, etc. 1961
300 ## - PHYSICAL DESCRIPTION
Extent 497 გვ. : 4 ფ. ილ.20 სმ
653 ## - INDEX TERM--UNCONTROLLED
Uncontrolled term რომანი
653 ## - INDEX TERM--UNCONTROLLED
Uncontrolled term უგრიუმ-მდინარე
942 ## - ADDED ENTRY ELEMENTS (KOHA)
Koha item type წიგნი
ეგზემპლარები
Withdrawn status Lost status Damaged status Not for loan Date acquired Barcode Date last seen Price effective from Koha item type
        2018-12-17 21563 2018-12-17 2018-12-17 წიგნი
        2018-12-17 21564 2018-12-17 2018-12-17 წიგნი
        2018-12-17 21568 2018-12-17 2018-12-17 წიგნი
        2018-12-17 21567 2018-12-17 2018-12-17 წიგნი
        2018-12-17 21566 2018-12-17 2018-12-17 წიგნი